00758nam a22002415a 450000500170000000800410001701000140005802000260007203500130009803700130011104000080012408200170013210000240014924501030017325000060027626000400028227000750032230000260039750000500042365000180047365000220049170000030051320080522115808.0080520s2008 nyu 000 0 eng  aENG-97822 c800.00a9788178311777 aEN-81355 bDBAD/PUB aDPL a333.30954123 aSinha, Ranjan Kumar aDynamics of land-caste relations in India :cby Rajeev Ranjan Kumar Sinhaba case study of Bihar / a. aNew DelhibManak Publicationsc2009 aB-7, Saraswati Complex, Subhash Chwok, Laxmi Nagar,bNew Delhie110092 axiv,250p.b23cm. (Hb) aIncludes bibliographical references and index aSongs, Hindi. aHindustani music.